Central Library, Doon University
WEBOPAC (ONLINE PUBLIC ACCESS CATALOGUE)

Animal Behaviour And Wildlife Conservation (Record no. 60330)

MARC details
000 -LEADER
fixed length control field 00543nam a22002057a 4500
005 - DATE & TIME
control field 20260211163512.0
008 - FIXED-LENGTH DATA ELEMENTS--GENERAL INFORMATION
fixed length control field 260211b |||||||| |||| 00| 0 eng d
020 ## - ISBN
International Standard Book Number 9788119680436
Price 2995.00
040 ## - CATALOGING SOURCE
Original cataloging agency Doon University
041 ## - Language
Language English
082 ## - DDC NUMBER
Classification number 591.5
Book Number SHE
100 ## - MAIN ENTRY--PERSONAL NAME
Personal name Sheoran, Sanjay b
245 ## - TITLE STATEMENT
Title Animal Behaviour And Wildlife Conservation
260 ## - PUBLICATION, DISTRIBUTION, ETC. (IMPRINT)
Place of publication, distribution, etc New Delhi
Name of publisher, distributor, etc Academic
Date of publication, distribution, etc 2023
300 ## - PHYSICAL DESCRIPTION
Pages 284
650 ## - Subject
Subject Biological Science
700 ## - Added Entry Personal Name
Added Entry Personal Name Harkrishan
700 ## - Added Entry Personal Name
Added Entry Personal Name Poonia, Asha
942 ## - ADDED ENTRY ELEMENTS (KOHA)
Koha item type Books
100 ## - MAIN ENTRY--PERSONAL NAME
-- 26282
650 ## - Subject
-- 14046
700 ## - Added Entry Personal Name
-- 26283
700 ## - Added Entry Personal Name
-- 26284
952 ## - LOCATION AND ITEM INFORMATION (KOHA)
-- 2026-02-11
952 ## - LOCATION AND ITEM INFORMATION (KOHA)
-- 2026-02-11
952 ## - LOCATION AND ITEM INFORMATION (KOHA)
-- 2026-02-11
952 ## - LOCATION AND ITEM INFORMATION (KOHA)
-- 2026-02-11
952 ## - LOCATION AND ITEM INFORMATION (KOHA)
-- 2026-02-11
Holdings
Withdrawn status Lost status Source of classification or shelving scheme Damaged status Not for loan Location (home branch) Sublocation or collection (holding branch) Date acquired Koha issues (times borrowed) Koha full call number Accession No. Koha date last seen Koha item type
          Doon University Doon University 11.02.2026   591.5 SHE 52642 11.02.2026 Books
          Doon University Doon University 11.02.2026   591.5 SHE 52643 11.02.2026 Books
          Doon University Doon University 11.02.2026   591.5 SHE 52644 11.02.2026 Books
          Doon University Doon University 11.02.2026   591.5 SHE 52645 11.02.2026 Books
          Doon University Doon University 11.02.2026   591.5 SHE 52646 11.02.2026 Books
Contact : +91-135-2533126 (Library),+91-135-2533105 (Admin Office) , Email : doonlibrary@gmail.com

Powered by Koha